| 000 | 00385nam a22001217a 4500 | ||
|---|---|---|---|
| 082 | _a200 THE | ||
| 100 |
_aSobia Shafiq _970554 |
||
| 245 | _aTH-SOF-1045-CLASSIFICATION OF TERRORIST ATTACK TYPES USING VOTE BASED CLASSIFICATION MODEL | ||
| 260 |
_aISLAMABAD _bNUST COLLEGE OF EME _c2014 |
||
| 650 | _aMS-CSE-12 MSTHESIS | ||
| 700 |
_aSUPERVISOR Dr. Usman Qamar _969693 |
||
| 942 | _cCF | ||
| 999 |
_c577528 _d577528 |
||